<?xml version="1.0" encoding="UTF-8"?>
<collection xmlns:xsi="http://www.w3.org/2001/XMLSchema-instance" xsi:schemaLocation="http://www.loc.gov/MARC21/slim http://www.loc.gov/standards/marcxml/schema/MARC21slim.xsd" xmlns="http://www.loc.gov/MARC21/slim">
 <record>
  <leader>00000cam a22000004a 4500</leader>
  <controlfield tag="001">UP-1685523046124919956</controlfield>
  <controlfield tag="003">Buklod</controlfield>
  <controlfield tag="005">20230503092606.0</controlfield>
  <controlfield tag="006">m    ||  | |      </controlfield>
  <controlfield tag="007">cr |||||||||||</controlfield>
  <controlfield tag="008">991231s1967    xx      r    |||| u|eng||</controlfield>
  <datafield tag="035" ind1=" " ind2=" ">
   <subfield code="a">(iLib)UPMNL-00000000509</subfield>
  </datafield>
  <datafield tag="090" ind1=" " ind2=" ">
   <subfield code="a">RJ 503</subfield>
   <subfield code="b">A36 1967</subfield>
  </datafield>
  <datafield tag="110" ind1="1" ind2=" ">
   <subfield code="a">Touro Community Mental Health Center.</subfield>
  </datafield>
  <datafield tag="245" ind1="0" ind2="0">
   <subfield code="a">Adolescence</subfield>
   <subfield code="b">care &amp; counseling</subfield>
   <subfield code="c">edited by Gene L. Usdin.</subfield>
  </datafield>
  <datafield tag="264" ind1=" " ind2="1">
   <subfield code="a">Philadelphia</subfield>
   <subfield code="b">Lippincott</subfield>
   <subfield code="c">c1967.</subfield>
  </datafield>
  <datafield tag="300" ind1=" " ind2=" ">
   <subfield code="a">238 p.</subfield>
  </datafield>
  <datafield tag="500" ind1=" " ind2=" ">
   <subfield code="a">Based on a symposium held in Dec. 1966 by the Touro Community Mental Health Center in New Orleans. Cf. book jacket.</subfield>
  </datafield>
  <datafield tag="650" ind1="0" ind2="0">
   <subfield code="a">Adolescent psychiatry</subfield>
   <subfield code="x">Congresses.</subfield>
  </datafield>
  <datafield tag="700" ind1="1" ind2=" ">
   <subfield code="a">Usdin, Gene L.</subfield>
  </datafield>
  <datafield tag="852" ind1="0" ind2=" ">
   <subfield code="a">UPMNL</subfield>
   <subfield code="b">NURS</subfield>
   <subfield code="h">RJ 503 A36 1967</subfield>
  </datafield>
  <datafield tag="942" ind1=" " ind2=" ">
   <subfield code="a">Book</subfield>
  </datafield>
 </record>
</collection>
